| 000 | 01864cam a22003734i 4500 | ||
|---|---|---|---|
| 003 | PE-LiUPU | ||
| 005 | 20250731183421.0 | ||
| 008 | 150625s r 000 0 d | ||
| 020 | _a8487553176 | ||
| 035 | _a(Sirsi) i9788487553172 | ||
| 040 |
_aPE-LiUPU _bspa _cPE-LiUPU _erda |
||
| 049 | _aPRUA | ||
| 082 | 0 | 4 |
_a720 _bB38 _221 |
| 100 | 1 |
_aBenevolo, Leonardo, _eautor. |
|
| 245 | 1 | 0 |
_aIntroducción a la arquitectura / _cLeonardo Benevolo. |
| 264 | 1 |
_aMadrid : _bCeleste, _c1993. |
|
| 300 |
_a276 páginas : _bilustraciones ; _c20 centímetros |
||
| 336 |
_atext _2rdacontent |
||
| 337 |
_aunmediated _2rdamedia |
||
| 338 |
_avolume _2rdacarrier |
||
| 505 | 0 | _aLa arquitectura griega. -La arquitectura helenística. -La arquitectura romana. -La arquitectura romana tardía. -La arquitectura bizantina. -La arquitectura rómanica. -La arquitectura gótica. --La arquitectura gótica gótica. -El renacimiento italiano. -La crisis del clasicismo en la primera mitad del siglo XVI. -La arquitectura del manierismo. -Clasicismo y barroca en los siglos XVII y XVIII. -El neoclasismo y el historicismo. -El movimiento moderno. | |
| 526 | _aP158 | ||
| 526 | _aP146 | ||
| 526 | _aP17 | ||
| 526 | _aP12 | ||
| 526 | _aP06 | ||
| 541 | _g001-000377; | ||
| 650 | 0 | 4 |
_aArquitectura _xIntroducciones. |
| 942 |
_2ddc _cBOOK |
||
| 949 |
_a720 B38 _wDEWEY _c1 _i57970 _d2016-9-5 _e2016-8-29 _lCCODEBUL1 _mBUL _n3 _p21.00 _r0 _sY _tBOOK _u2015-6-25 _xINGENIERIA _PP06 _0COMPRA _o.STAFF. Colección General |
||
| 994 |
_aC0 _bPEPRU |
||
| 596 | _a1 | ||
| 999 |
_a720 B38 _wDEWEY _c46951 _i57970 _d46951 _e2019-10-8 _f2021-11-9 _g7 _lCCODEBUL1 _mBUL _n5 _p21.00 _r0 _sY _tBOOK _u2015-6-25 _xINGENIERIA _PP06 _0COMPRA _o.STAFF. Colección General |
||
| 980 |
_81 _gALBERTO SANCHEZ Responsable de Automatización |
||